Quiz clic sur la famille Simpson (3) - Statistiques

Statistiques générales
  • Ce quiz a été pris 114 fois
  • Le résultat moyen est 13 sur 25
Statistiques - réponses
Hint Réponse % Correct
a un crayon logé dans le cerveau Homer
81%
a pris du poids pour devenir handicapé obèse Homer
78%
a teint ses cheveux en gris le temps d'un épisode Marge
74%
est bouddhiste Lisa
73%
a été baby-sitter pour Ralph Lisa
70%
fait des vidéos virales avec Homer Bart
65%
a découvert que Jebediah Springfield était un imposteur Lisa
65%
a fait un voyage spirituel après avoir mangé un piment Homer
63%
s'est crée un faux permis de conduire Bart
62%
s'est fait rejeter par la ville après avoir perdu un match de baseball Bart
58%
a acheté une arme pour protéger sa famille Homer
58%
a vu un film avant tout le monde et a menacé de le spoiler à toute la ville Bart
57%
a créé sa propre poupée parlante Lisa
52%
a fabriqué une mascotte en ressort pour les Jeux Olympiques Homer
45%
a lancé une franchise de restauration rapide Marge
44%
a posé pour un calendrier caritatif exotique Marge
42%
a sauvé son père de la noyade Maggie
37%
a tiré sur des mafieux pour les faire fuir de devant chez eux Maggie
37%
a assommé son père avec un maillet Maggie
37%
est devenu(e) chauffeur pour une appli de covoiturage Marge
37%
s'est lié(e) d'amitié avec un braqueur de banque Marge
30%
s'est inscrit(e) volontairement dans une école militaire Lisa
28%
a commandé une épouse pour Moe sur le dark net Bart
22%
rigolait davantage en maison d'accueil chez les Flanders que chez soi Maggie
21%
son deuxième prénom est Lenny Maggie
20%
Aucun quiz correspondant
Distribution des résultats
% des personnes avec chaque résultat
Percentile par nombre de réponses
Votre historique - résultats
Vous n’avez pas pris ce quiz